<?xml version="1.0" encoding="UTF-8"?>
<record
    xmlns:xsi="http://www.w3.org/2001/XMLSchema-instance"
    xsi:schemaLocation="http://www.loc.gov/MARC21/slim http://www.loc.gov/standards/marcxml/schema/MARC21slim.xsd"
    xmlns="http://www.loc.gov/MARC21/slim">

  <leader>01717nam0a2200409   4500</leader>
  <controlfield tag="001">RU\NLR\bibl\163995</controlfield>
  <controlfield tag="005">20250618054400.0</controlfield>
  <datafield tag="010" ind1=" " ind2=" ">
    <subfield code="a">5-256-01444-7</subfield>
    <subfield code="9">2000</subfield>
  </datafield>
  <datafield tag="021" ind1=" " ind2=" ">
    <subfield code="a">RU</subfield>
    <subfield code="b">2001-848</subfield>
    <subfield code="9">43</subfield>
  </datafield>
  <datafield tag="035" ind1=" " ind2=" ">
    <subfield code="a">(NLR Aleph) 000160865</subfield>
  </datafield>
  <datafield tag="090" ind1=" " ind2=" ">
    <subfield code="a">925232</subfield>
    <subfield code="c">925232</subfield>
  </datafield>
  <datafield tag="100" ind1=" " ind2=" ">
    <subfield code="a">20010326d2000    |||y0rusy50      ca</subfield>
  </datafield>
  <datafield tag="101" ind1="1" ind2=" ">
    <subfield code="a">rus</subfield>
  </datafield>
  <datafield tag="102" ind1=" " ind2=" ">
    <subfield code="a">RU</subfield>
  </datafield>
  <datafield tag="105" ind1=" " ind2=" ">
    <subfield code="a">a   |||||||||</subfield>
  </datafield>
  <datafield tag="200" ind1="1" ind2=" ">
    <subfield code="a">&#x411;&#x435;&#x441;&#x43F;&#x440;&#x43E;&#x432;&#x43E;&#x434;&#x43D;&#x430;&#x44F; &#x446;&#x438;&#x444;&#x440;&#x43E;&#x432;&#x430;&#x44F; &#x441;&#x432;&#x44F;&#x437;&#x44C;</subfield>
    <subfield code="e">&#x41C;&#x435;&#x442;&#x43E;&#x434;&#x44B; &#x43C;&#x43E;&#x434;&#x443;&#x43B;&#x44F;&#x446;&#x438;&#x438; &#x438; &#x440;&#x430;&#x441;&#x448;&#x438;&#x440;&#x435;&#x43D;&#x438;&#x44F; &#x441;&#x43F;&#x435;&#x43A;&#x442;&#x440;&#x430;</subfield>
    <subfield code="f">&#x41A;. &#x424;&#x435;&#x435;&#x440;</subfield>
    <subfield code="g">&#x41F;&#x435;&#x440;. &#x441; &#x430;&#x43D;&#x433;&#x43B;. &#x43F;&#x43E;&#x434; &#x440;&#x435;&#x434;. &#x412;. &#x418;. &#x416;&#x443;&#x440;&#x430;&#x432;&#x43B;&#x435;&#x432;&#x430;</subfield>
    <subfield code="g">[&#x424;&#x435;&#x434;&#x435;&#x440;&#x430;&#x43B;. &#x43F;&#x440;&#x43E;&#x433;&#x440;. &#x43F;&#x43E;&#x434;&#x434;&#x435;&#x440;&#x436;&#x43A;&#x438; &#x43A;&#x43D;&#x438;&#x433;&#x43E;&#x438;&#x437;&#x434;. &#x420;&#x43E;&#x441;&#x441;&#x438;&#x438;]</subfield>
  </datafield>
  <datafield tag="210" ind1=" " ind2=" ">
    <subfield code="a">&#x41C;.</subfield>
    <subfield code="c">&#x420;&#x430;&#x434;&#x438;&#x43E; &#x438; &#x441;&#x432;&#x44F;&#x437;&#x44C;</subfield>
    <subfield code="d">2000</subfield>
  </datafield>
  <datafield tag="215" ind1=" " ind2=" ">
    <subfield code="a">518,[1] &#x441;.</subfield>
    <subfield code="c">&#x438;&#x43B;.</subfield>
    <subfield code="d">21</subfield>
  </datafield>
  <datafield tag="300" ind1=" " ind2=" ">
    <subfield code="a">&#x417;&#x430;&#x433;&#x43B;. &#x438; &#x430;&#x432;&#x442;. &#x43E;&#x440;&#x438;&#x433;.: Wireless digital communications / Dr. Kamilo Feher</subfield>
  </datafield>
  <datafield tag="320" ind1=" " ind2=" ">
    <subfield code="a">&#x41F;&#x440;&#x435;&#x434;&#x43C;. &#x443;&#x43A;&#x430;&#x437;.: &#x441;. 514-516</subfield>
  </datafield>
  <datafield tag="320" ind1=" " ind2=" ">
    <subfield code="a">&#x411;&#x438;&#x431;&#x43B;&#x438;&#x43E;&#x433;&#x440;.: &#x441;. 495-513</subfield>
  </datafield>
  <datafield tag="454" ind1=" " ind2="0">
    <subfield code="1">2001#$aWireless digital communications$fDR. Kamilo Feher</subfield>
    <subfield code="t">Wireless digital communications</subfield>
  </datafield>
  <datafield tag="606" ind1="0" ind2=" ">
    <subfield code="a">&#x420;&#x430;&#x434;&#x438;&#x43E;&#x441;&#x432;&#x44F;&#x437;&#x44C; &#x446;&#x438;&#x444;&#x440;&#x43E;&#x432;&#x430;&#x44F;</subfield>
    <subfield code="9">1499303</subfield>
    <subfield code="3">RU\NLR\auth\66951737</subfield>
  </datafield>
  <datafield tag="606" ind1="0" ind2=" ">
    <subfield code="a">&#x420;&#x430;&#x434;&#x438;&#x43E;&#x441;&#x438;&#x433;&#x43D;&#x430;&#x43B;&#x44B;</subfield>
    <subfield code="x">&#x41C;&#x43E;&#x434;&#x443;&#x43B;&#x44F;&#x446;&#x438;&#x44F;</subfield>
    <subfield code="9">1502346</subfield>
    <subfield code="3">RU\NLR\auth\66953350</subfield>
  </datafield>
  <datafield tag="610" ind1="0" ind2=" ">
    <subfield code="a">&#x420;&#x430;&#x434;&#x438;&#x43E;&#x441;&#x438;&#x433;&#x43D;&#x430;&#x43B;&#x44B; - &#x41E;&#x431;&#x440;&#x430;&#x431;&#x43E;&#x442;&#x43A;&#x430; &#x446;&#x438;&#x444;&#x440;&#x43E;&#x432;&#x430;&#x44F;</subfield>
  </datafield>
  <datafield tag="610" ind1="0" ind2=" ">
    <subfield code="a">&#x42D;&#x43B;&#x435;&#x43A;&#x442;&#x440;&#x438;&#x447;&#x435;&#x441;&#x43A;&#x430;&#x44F; &#x441;&#x432;&#x44F;&#x437;&#x44C; &#x446;&#x438;&#x444;&#x440;&#x43E;&#x432;&#x430;&#x44F;</subfield>
  </datafield>
  <datafield tag="675" ind1=" " ind2=" ">
    <subfield code="a">621.396.218</subfield>
    <subfield code="v">3</subfield>
    <subfield code="z">rus</subfield>
  </datafield>
  <datafield tag="686" ind1=" " ind2=" ">
    <subfield code="a">49.43</subfield>
    <subfield code="2">rugasnti</subfield>
  </datafield>
  <datafield tag="686" ind1=" " ind2=" ">
    <subfield code="a">32.884.1</subfield>
    <subfield code="2">rubbk</subfield>
  </datafield>
  <datafield tag="686" ind1=" " ind2=" ">
    <subfield code="a">&#x417;884.1</subfield>
  </datafield>
  <datafield tag="700" ind1=" " ind2="1">
    <subfield code="a">&#x424;&#x435;&#x435;&#x440;</subfield>
    <subfield code="g">&#x41A;&#x430;&#x43C;&#x438;&#x43B;&#x43E;</subfield>
    <subfield code="4">070</subfield>
  </datafield>
  <datafield tag="801" ind1=" " ind2="0">
    <subfield code="a">RU</subfield>
    <subfield code="b">RKP</subfield>
    <subfield code="c">20010326</subfield>
    <subfield code="g">PSBO</subfield>
  </datafield>
  <datafield tag="801" ind1=" " ind2="1">
    <subfield code="a">RU</subfield>
    <subfield code="b">RKP</subfield>
    <subfield code="c">20010326</subfield>
  </datafield>
  <datafield tag="801" ind1=" " ind2="2">
    <subfield code="a">RU</subfield>
    <subfield code="b">NLR</subfield>
    <subfield code="c">20010705</subfield>
    <subfield code="g">rcr</subfield>
  </datafield>
  <datafield tag="942" ind1=" " ind2=" ">
    <subfield code="c">BOOK</subfield>
  </datafield>
  <datafield tag="980" ind1=" " ind2=" ">
    <subfield code="a">NB</subfield>
  </datafield>
  <datafield tag="995" ind1=" " ind2=" ">
    <subfield code="5">2004-06-02</subfield>
    <subfield code="a">az</subfield>
    <subfield code="b">NLR01</subfield>
    <subfield code="c">NLR01</subfield>
    <subfield code="e">OZ4</subfield>
    <subfield code="f">1-363374</subfield>
    <subfield code="k">&#x422;1 &#x417;88/&#x424;-537</subfield>
    <subfield code="o">0</subfield>
    <subfield code="p">200.00</subfield>
    <subfield code="r">BOOK</subfield>
    <subfield code="s">1_88537</subfield>
  </datafield>
  <datafield tag="995" ind1=" " ind2=" ">
    <subfield code="5">2004-06-16</subfield>
    <subfield code="a">az</subfield>
    <subfield code="b">NLR02</subfield>
    <subfield code="c">NLR02</subfield>
    <subfield code="e">UCHZ</subfield>
    <subfield code="f">1-284408</subfield>
    <subfield code="k">&#x422;2 &#x417;884/&#x424;-357</subfield>
    <subfield code="o">0</subfield>
    <subfield code="p">200.00</subfield>
    <subfield code="r">BOOK</subfield>
    <subfield code="s">2_884357</subfield>
  </datafield>
  <datafield tag="995" ind1=" " ind2=" ">
    <subfield code="5">2001-06-19</subfield>
    <subfield code="a">ad</subfield>
    <subfield code="b">NLR01</subfield>
    <subfield code="c">NLR01</subfield>
    <subfield code="e">RF8</subfield>
    <subfield code="f">132888</subfield>
    <subfield code="k">2001-3/7255</subfield>
    <subfield code="o">0</subfield>
    <subfield code="r">BOOK</subfield>
    <subfield code="s">200137255_</subfield>
  </datafield>
  <datafield tag="995" ind1=" " ind2=" ">
    <subfield code="5">2001-06-19</subfield>
    <subfield code="a">ad</subfield>
    <subfield code="b">NLR01</subfield>
    <subfield code="c">NLR01</subfield>
    <subfield code="e">RF8</subfield>
    <subfield code="f">132889</subfield>
    <subfield code="k">2001-3/7255</subfield>
    <subfield code="o">0</subfield>
    <subfield code="r">BOOK</subfield>
    <subfield code="s">200137255_</subfield>
  </datafield>
</record>
